<?xml version="1.0" encoding="UTF-8"?>
<record
    xmlns:xsi="http://www.w3.org/2001/XMLSchema-instance"
    xsi:schemaLocation="http://www.loc.gov/MARC21/slim http://www.loc.gov/standards/marcxml/schema/MARC21slim.xsd"
    xmlns="http://www.loc.gov/MARC21/slim">

  <leader>00490nam a2200181Ia 4500</leader>
  <controlfield tag="008">100920s9999    xx            000 0 und d</controlfield>
  <datafield tag="082" ind1=" " ind2=" ">
    <subfield code="b">78909</subfield>
    <subfield code="a">20 &#x925; 96</subfield>
  </datafield>
  <datafield tag="100" ind1=" " ind2=" ">
    <subfield code="a">---</subfield>
  </datafield>
  <datafield tag="245" ind1=" " ind2=" ">
    <subfield code="a">NATIONAL GEOGRAPHIC.</subfield>
  </datafield>
  <datafield tag="260" ind1=" " ind2=" ">
    <subfield code="b">NATIONAL GEOGRAPHIC SOCIETY ,WASHINGTON.</subfield>
    <subfield code="c">1996</subfield>
  </datafield>
  <datafield tag="300" ind1=" " ind2=" ">
    <subfield code="a">150</subfield>
    <subfield code="b">&#x938;&#x93E;&#x927;&#x940;</subfield>
  </datafield>
  <datafield tag="365" ind1=" " ind2=" ">
    <subfield code="b">150</subfield>
  </datafield>
  <datafield tag="520" ind1=" " ind2=" ">
    <subfield code="a">&#x930;&#x947;&#x92B;&#x930;&#x928;&#x94D;&#x938;.</subfield>
  </datafield>
  <datafield tag="630" ind1=" " ind2=" ">
    <subfield code="a">NATIONAL GEOGRAPHIC.</subfield>
  </datafield>
  <datafield tag="650" ind1=" " ind2=" ">
    <subfield code="a">&#x930;&#x947;&#x92B;&#x930;&#x928;&#x94D;&#x938;.</subfield>
  </datafield>
  <datafield tag="730" ind1=" " ind2=" ">
    <subfield code="a">NATIONAL GEOGRAPHIC.</subfield>
  </datafield>
  <datafield tag="942" ind1=" " ind2=" ">
    <subfield code="c">BOOK</subfield>
  </datafield>
  <datafield tag="999" ind1=" " ind2=" ">
    <subfield code="c">720033</subfield>
    <subfield code="d">720030</subfield>
  </datafield>
  <datafield tag="952" ind1=" " ind2=" ">
    <subfield code="0">0</subfield>
    <subfield code="1">0</subfield>
    <subfield code="4">0</subfield>
    <subfield code="7">0</subfield>
    <subfield code="a">SATVAC</subfield>
    <subfield code="b">SATVAC</subfield>
    <subfield code="c">20 &#x925; 96</subfield>
    <subfield code="d">0000-00-00</subfield>
    <subfield code="g">150.00</subfield>
    <subfield code="l">0</subfield>
    <subfield code="p">SATVAC-78909</subfield>
    <subfield code="r">2010-09-20 00:00:00</subfield>
    <subfield code="w">2010-09-20</subfield>
    <subfield code="y">BOOK</subfield>
    <subfield code="z">&#x926;&#x947;&#x935;&#x918;&#x947;&#x935;</subfield>
  </datafield>
</record>
